000 00656nam a2200205 i 4500
001 88939
003 ES-MaACL
005 20230906175957.0
007 t|
008 050113s1972 sp a |||| | spa d
080 _a616.857
100 1 _aMarcos Lanzarot, Manuel.
_976531
245 1 3 _aLa jaqueca y otras cefaleas vasculares /
_cManuel Marcos Lanzarot, Andrés Cerdán Vallejo ; prólogo Eloy López García.
260 _a[Barcelona] :
_bSandoz,
_c[1972]
300 _a132 p. :
_bil. ;
_c26 cm.
650 1 4 _aCefalalgia.
_910865
700 1 _aCerdán Vallejo, Andrés.
_937472
700 1 _aLópez García, Eloy.
_973660
852 _aES-MaACL
_jE-10781
999 _c88939
_d88939